| 000 | 00637nam a2200205 4500 | ||
|---|---|---|---|
| 001 | 138310 | ||
| 003 | ES-MaACL | ||
| 005 | 20230906195536.0 | ||
| 007 | t| | ||
| 008 | 070214s1978 sp r ||||1| spa d | ||
| 100 | 1 |
_aSanchís Llorca, F. J. _9103014 |
|
| 245 | 1 | 0 |
_aProblemas de programación _b: enunciados, soluciones y listados / _cF. J. Sanchís Llorca, A, Morales Lozano. |
| 260 |
_aMadrid : _bPirámide, _c1978. |
||
| 300 |
_a356 p. : _bil. ; _c23 cm. |
||
| 490 | 1 | _aCibernética | |
| 700 | 1 |
_aMorales Lozano, A. _983050 |
|
| 830 | 0 |
_aCibernética _9182035 |
|
| 852 |
_aES-MaACL _jA-9031 _bR.97944 |
||
| 999 |
_c138310 _d138310 |
||